Působení vzhledu architektonických děl na člověka

Na minha lista:
Detalhes bibliográficos
Autor principal: Beneš, Michal
Outros Autores: Procházka, Vítězslav, Sedláková, Miluše
Formato: Livro
Idioma:tcheco
Publicado em: Praha Výzkumný ústav výstavby a arch. 1988
Edição:1. vyd.
Tags: Adicionar Tag
Sem tags, seja o primeiro a adicionar uma tag!

MARC

LEADER 00000nam a2200000 4500
001 c029865
005 20221219085632.9
041 0 |a cze 
044 |a CZ 
245 1 0 |a Působení vzhledu architektonických děl na člověka  |c Michal Beneš, Vítězslav Procházka, Miluše Sedláková 
250 |a 1. vyd. 
264 1 |a Praha  |b Výzkumný ústav výstavby a arch.  |c 1988 
300 |a 108 s.  |e príl. s.115-161 
100 1 |a Beneš, Michal 
700 1 |a Procházka, Vítězslav 
700 1 |a Sedláková, Miluše